The kneeling Christian / (Record no. 5243)

MARC details
000 -LEADER
fixed length control field 00766nam a2200241Ia 4500
001 - CONTROL NUMBER
control field 139601
003 - CONTROL NUMBER IDENTIFIER
control field GBCCL
005 - DATE AND TIME OF LATEST TRANSACTION
control field 20241126110537.0
008 - FIXED-LENGTH DATA ELEMENTS--GENERAL INFORMATION
fixed length control field 021212s1971 miu 000 0 eng
035 ## - SYSTEM CONTROL NUMBER
System control number (OCoLC)ocm51211406
035 ## - SYSTEM CONTROL NUMBER
System control number (OCoLC)51211406
040 ## - CATALOGING SOURCE
Original cataloging agency OXG
Transcribing agency OXG
Modifying agency LBB
049 ## -
-- LBBK
082 ## - DEWEY DECIMAL CLASSIFICATION NUMBER
Classification number 248.32
Item number UNK
090 ## - LOCALLY ASSIGNED LC-TYPE CALL NUMBER (OCLC); LOCAL CALL NUMBER (RLIN)
Classification number (OCLC) (R) ; Classification number, CALL (RLIN) (NR) BV210.2
Local cutter number (OCLC) ; Book number/undivided call number, CALL (RLIN) .U52 1971
100 0# - MAIN ENTRY--PERSONAL NAME
Personal name Unknown Christian.
9 (RLIN) 7795
245 14 - TITLE STATEMENT
Title The kneeling Christian /
Statement of responsibility, etc. by the author of How to live the victorious Christian life, an unknown Christian ; introduction by P.J. Zondervan.
260 ## - PUBLICATION, DISTRIBUTION, ETC.
Place of publication, distribution, etc. Grand Rapids, Mich. :
Name of publisher, distributor, etc. Zondervan Pub. House,
Date of publication, distribution, etc. c1971.
300 ## - PHYSICAL DESCRIPTION
Extent 135 p. ;
Dimensions 18 cm.
520 ## - SUMMARY, ETC.
Summary, etc. Lloyd M. Perry Collection.
650 #0 - SUBJECT ADDED ENTRY--TOPICAL TERM
Topical term or geographic name entry element Prayer
General subdivision Christianity.
9 (RLIN) 227
942 ## - ADDED ENTRY ELEMENTS (KOHA)
Source of classification or shelving scheme Dewey Decimal Classification
Koha item type Books
Koha issues (borrowed), all copies 3
Holdings
Withdrawn status Lost status Source of classification or shelving scheme Damaged status Not for loan Home library Current Library Shelving location Date acquired Total checkouts Full call number Barcode Date last seen Date last checked out Copy number Price effective from Koha item type
    Dewey Decimal Classification     GRACE BIBLE COLLEGE GRACE BIBLE COLLEGE Ministry & Mission 2018-03-07 3 248.32 UNK 009034 2025-05-01 2024-09-17 c.1 2018-03-07 Books
© Grace Bible College Library 2025